| 000 | 00928nam a22002057a 4500 | ||
|---|---|---|---|
| 999 |
_c2170 _d2170 |
||
| 003 | AR-CdUCM | ||
| 008 | 190304b ||||| |||| 00| 0 spa d | ||
| 040 |
_aMUNICIPALIDAD PROVINCIAL DEL CUSCO _cBIBLIOTECA MUNICIPAL DEL CUSCO |
||
| 082 |
_a323.385 / _bM84 |
||
| 100 |
_aMontoya Rojas, Rodrigo _97833 |
||
| 245 |
_aDe la utopía andina al socialismo mágico : _bAntropología, historia y política en el Perú / |
||
| 260 |
_aLima : _bInstituto nacional de cultura Cusco, _c2005. |
||
| 300 |
_a252 paginas ; _c28 cm. |
||
| 505 | _aContenido :La utopía andina -- La promesa indigenista o la tempestad que no llego -- Para un socialismo mágico -- Modernización capitalista sin modernidad -- Garciláso de la Vega: el escritor en busca de una patria ... | ||
| 650 |
_aCorrientes antropológicas _97834 |
||
| 650 |
_aHistoria y geografía _97835 |
||
| 650 |
_aPolítica en el Perú _97836 |
||
| 942 |
_2ddc _cLIBROS |
||
| 945 | _arum | ||